|
|
|
|
| LEADER |
01653nam a2200469 i 4500 |
| 001 |
nkc20152766006 |
| 003 |
CZ PrNK |
| 005 |
20180222122305.0 |
| 007 |
ta |
| 008 |
151217s2015 xr e f 000 0 cze |
| 015 |
|
|
|a cnb002766006
|
| 020 |
|
|
|a 978-80-7408-122-4
|q (Vysoká škola finanční a správní ;
|q brožováno)
|
| 035 |
|
|
|a (OCoLC)958227497
|
| 040 |
|
|
|a BOA001
|b cze
|e rda
|
| 043 |
|
|
|a e-xr---
|
| 072 |
|
7 |
|a 343
|x Trestní právo
|2 Konspekt
|9 16
|
| 080 |
|
|
|a 343.13:343.37
|2 MRF
|
| 080 |
|
|
|a 343.37
|2 MRF
|
| 080 |
|
|
|a (437.3)
|2 MRF
|
| 080 |
|
|
|a (083.744)
|2 MRF
|
| 100 |
1 |
|
|a Šugár, Ján,
|d 1954-
|7 mzk2009496173
|4 aut
|
| 245 |
1 |
0 |
|a Certifikovaná metodika finančního šetření pro Policii České republiky /
|c Ján Šugár a kol.
|
| 250 |
|
|
|a První vydání
|
| 264 |
|
1 |
|a Praha :
|b Vysoká škola finanční a správní,
|c 2015
|
| 300 |
|
|
|a 106 stran ;
|c 23 cm
|
| 336 |
|
|
|a text
|b txt
|2 rdacontent
|
| 337 |
|
|
|a bez média
|b n
|2 rdamedia
|
| 338 |
|
|
|a svazek
|b nc
|2 rdacarrier
|
| 490 |
1 |
|
|a Eupress
|
| 504 |
|
|
|a Obsahuje bibliografii a bibliografické odkazy
|
| 650 |
0 |
7 |
|a finanční šetření
|7 ph925083
|z Česko
|2 czenas
|
| 650 |
0 |
7 |
|a finanční kriminalita
|7 ph114550
|z Česko
|2 czenas
|
| 650 |
0 |
9 |
|a financial investigation
|z Czechia
|2 eczenas
|
| 650 |
0 |
9 |
|a financial crime
|z Czechia
|2 eczenas
|
| 655 |
|
7 |
|a certifikované metodiky
|7 fd806827
|2 czenas
|
| 655 |
|
9 |
|a certified methodology
|2 eczenas
|
| 830 |
|
0 |
|a Eupress
|0 s
|
| 910 |
2 |
|
|a BOA001
|b 2-1371.350
|
| 990 |
|
|
|a BK
|
| 995 |
|
|
|a 01
|
| 991 |
|
|
|b 201608
|c NOV
|
| 996 |
6 |
|
|b 2610676850
|c 2-1371.350
|l MZK
|r Sklad / do 1 hodiny
|n 1
|p p.v.
|w 001571525
|u 000010
|a 1
|e BOA001
|j MZK50
|s P
|